№ 2 (31); Научный вестник НГТУ

গ্রন্থ-পঞ্জীর বিবরন
Parent link:Научный вестник НГТУ: [сборник статей]/ Новосибирский государственный технический университет. № 2 (31).— , 1998-2020
অন্যান্য লেখক: Востриков А. С. Анатолий Сергеевич
ভাষা:রুশ
প্রকাশিত: 2008
বিষয়গুলি:
বিন্যাস: গ্রন্থ
KOHA link:https://koha.lib.tpu.ru/cgi-bin/koha/opac-detail.pl?biblionumber=141991

MARC

LEADER 00000nam2a2200000 4500
001 141991
005 20231101220937.0
035 |a (RuTPU)RU\TPU\book\153889 
035 |a RU\TPU\book\143965 
035 |a RU\TPU\book\151472 
090 |a 141991 
100 |a 20080611d2008 k y0rusy50 ca 
101 0 |a rus 
102 |a RU 
105 |a a z 001zy 
200 0 |a № 2 (31)  |f гл. ред. А. С. Востриков 
210 |d 2008 
215 |a 200 с.  |c ил. 
320 |a Библиография в конце статей 
461 1 |0 (RuTPU)RU\TPU\book\44599  |t Научный вестник НГТУ  |o [сборник статей]  |f Новосибирский государственный технический университет  |v № 2 (31)  |d 1998-2020 
606 1 |a Автоматика  |2 stltpush  |3 (RuTPU)RU\TPU\subj\749  |9 29560 
610 1 |a информация 
610 1 |a обработка информации 
610 1 |a прикладная математика 
610 1 |a моделирование 
610 1 |a физика 
610 1 |a электромеханика 
610 1 |a электроэнергетика 
610 1 |a электрооборудование 
675 |a 681.51  |v 4 
702 1 |a Востриков  |b А. С.  |g Анатолий Сергеевич  |4 651 
801 1 |a RU  |b 63413507  |c 20080829  |g PSBO 
801 2 |a RU  |b 63413507  |c 20211126  |g PSBO 
942 |c BK